<The> Influence od state subsidies on the development of organic agriculture in the Czech Republic and in the EU

Vybrané výsledky výskumného projektu zameraného na objektivizáciu vývoja ponuky a dopytu ekologických produktov. Posúdenie vplyvu štátnych podpôr na rozvoj ekologického poľnohospodárstva v Českej republike a vo vybraných krajinách Európskej únie.

Salvato in:
Dettagli Bibliografici
Autore principale: Jánský, Jaroslav
Altri autori: Živělová, Iva, Novák, Petr
Natura: Capitolo di libro
Lingua:inglese
Soggetti:
Tags: Aggiungi Tag
Nessun Tag, puoi essere il primo ad aggiungerne!!

MARC

LEADER 00000naa$a2200000$$$4500
001 0023023
005 20231113140758.2
041 0 |a eng 
044 |a CZ 
245 1 0 |a <The> Influence od state subsidies on the development of organic agriculture in the Czech Republic and in the EU  |c Jaroslav Jánský, Iva Živělová, Petr Novák 
520 |a Vybrané výsledky výskumného projektu zameraného na objektivizáciu vývoja ponuky a dopytu ekologických produktov. Posúdenie vplyvu štátnych podpôr na rozvoj ekologického poľnohospodárstva v Českej republike a vo vybraných krajinách Európskej únie. 
610 2 0 |a poľnohospodárstvo 
610 2 0 |a výroba ekologická 
610 2 0 |a výskum 
610 2 0 |a projekty 
610 2 0 |a podpory 
610 2 0 |a dotácie štátne 
610 2 0 |a Česko 
610 2 0 |a Európska únia 
610 2 0 |a subvencie 
610 2 0 |a poľnohospodárstvo alternatívne 
610 2 0 |a bioprodukty 
100 1 |a Jánský, Jaroslav 
700 1 |a Živělová, Iva 
700 1 |a Novák, Petr